000 00728nam a2200217Ia 4500
001 17956
003 GE_BSU
008 181216s||||||||xx |||||||||||||| ||und||
040 _cGE_BSU
080 _a801.73
245 _aტექსტოლოგიის საკითხები. კრ. 5
245 _bსტატიების კრებული
245 _cრედ. ს. ყუბანეიშვილი
260 _aთბილისი
260 _bმეცნიერება
260 _c1976
300 _a181 გვ. 22სმ.
653 _aსტატიების კრებული
653 _aტექსტოლოგიის საკითხები
942 _cBK
999 _c50999
_d50999